Ōkura Nezu kontserun-dokuhon /

Saved in:
书目详细资料
主要作者: Katsuta, Teiji, 1893-1958.
格式: 图书
语言:Japanese
出版: Tōkyō : Shunjūsha : Hatsubaijo Shōhakukan, Shōwa 13 [1938]
丛编:Nihon kontserun zensho ; 10:A.
主题:
标签: 添加标签
没有标签, 成为第一个标记此记录!
LEADER 01175nam a2200301 a 4500
001 007785298-2
005 20024617120653.0
008 870528s1938 ja af 000 0 jpn
010 |a 87137276 /AJ 
035 0 |a ocm29755678 
040 |a DLC  |c DLC  |d *YNH*  |d CStRLIN 
043 |a a-ja--- 
050 0 0 |a HD2907  |b .K356 1938 
100 1 |6 880-01  |a Katsuta, Teiji,  |d 1893-1958. 
245 1 0 |6 880-02  |a Ōkura Nezu kontserun-dokuhon /  |c Katsuta Teiji cho. 
260 |6 880-03  |a Tōkyō :  |b Shunjūsha :  |b Hatsubaijo Shōhakukan,  |c Shōwa 13 [1938] 
300 |a 2, 10, 296 p., [2] leaves of plates :  |b ill. ;  |c 23 cm. 
490 1 |6 880-04  |a Nihon kontserun zensho ;  |v 10:A 
650 0 |a Trusts, Industrial  |z Japan  |x History. 
650 0 |a Big business  |z Japan  |x History. 
880 1 |6 100-01  |a 勝田貞次,  |d 1893-1958. 
880 1 0 |6 245-02  |a 大倉根津コンツェルン讀本 /  |c 勝田貞次著. 
880 |6 260-03  |a 東京 :  |b 春秋社 :  |b 發賣所松柏館,  |c 昭和 13 [1938] 
880 1 |6 490-04  |a 日本コンツェルン全書 ;  |v 10:A 
830 0 |6 880-54  |a Nihon kontserun zensho ;  |v 10:A. 
880 0 |6 830-54  |a 日本コンツェルン全書 ;  |v 10:A. 
988 |a 20021217 
906 |0 DLC